000 00474nam a2200121 4500
999 _c11211
_d11211
008 181017b ||||| |||| 00| 0 eng d
082 _aDPer 959.9048 P53p May 2013- April 2014 v. 22-23
245 _aGood governance:
_breinforce the culture of quality and competence.
260 _aSan Miguel, Manila :
_bOP-Bureau of Communications Services,
_c©May 2013-©Apr 2014.
300 _av23 n2, pages 25-27;
_c23 cm.
650 0 _932280
_aLeadership
_xGovernment.
942 _2ddc
_cPER